000 00977nam a22002897a 4500
001 BR9001512
003 BR-BrBNA
005 20230928093417.0
007 ta
008 230509b bl.||||| |||| 00| 0 por d
040 _aBR-BrBNA
_bpor
_cBiblioteca Nacional de Agricultura
041 _a(Por)
072 _aH20; F30
_b1410
_b4120
090 _ 1410 BR9001512
100 1 _aKatsurayama, Y.
110 1 _aUniversidade Federal de Vicosa, MG (Brasil)
_0Tese (Magister Scientiae)
245 1 _aVariabilidade fisiologica de Uromyces appenduculatus Var. appendiculatus e fatores associados a quantificacao dos componentes de resistencia do feijoeiro a ferrugem
260 3 _aVicosa, MG (Brasil):
_c1990.
300 _a71 p.
500 _a6 illus.; 10 tables; Bibliography p. 65-71 (89 ref.); Summaries (Eng, Por)
650 _aFEIJAO
650 _aFERRUGEM
650 _aFUNGO
650 _aVARIEDADE RESISTENTE
909 _a202309
_bLucia
_c55
_dLucia Elande
942 _cBK
999 _c44826
_d44826